| 000 | 00848nam a22002657a 4500 | ||
|---|---|---|---|
| 001 | BR8704409 | ||
| 003 | BR-BrBNA | ||
| 005 | 20230928092705.0 | ||
| 007 | ta | ||
| 008 | 230509b bl.||||| |||| 00| 0 por d | ||
| 040 |
_aBR-BrBNA _bpor _cBiblioteca Nacional de Agricultura |
||
| 041 | _a(Por) | ||
| 072 |
_aM12; F08 _b0150 _b/G514 |
||
| 090 | _ 0150 BR8704409 | ||
| 100 | 1 | _aPerin, L.C. | |
| 110 | 1 |
_aAssociacao de Credito e Assistencia Pesqueira de Santa Catarina, Florianopolis (Brasil) _9414 |
|
| 245 | 1 | _aRizipiscicultura [Santa Catarina, Brasil] | |
| 260 | 3 |
_aFlorianopolis, SC (Brasil): _c1986. |
|
| 300 | _ap. 14 | ||
| 500 | _a23 ref.; 5 tables. (*) Documento disponível na(o) CEAGRI, Florianopolis, SC (Brazil) | ||
| 650 | _aRIZIPISCICULTURA | ||
| 650 | _aSANTA CATARINA | ||
| 909 |
_a202309 _bLucia _c55 _dLucia Elande |
||
| 942 | _cBK | ||
| 999 |
_c40627 _d40627 |
||